| 000 | 00459nam a2200145Ia 4500 | ||
|---|---|---|---|
| 008 | 210430s9999 xx 000 0 und d | ||
| 020 | _a0072875461 (paperback) | 97800 | ||
| 082 | _a658.001 N53211 O | ||
| 100 | _aNewstrom, John. | ||
| 245 |
_aOrganizational behavior : _cNewstrom, John. |
||
| 260 |
_a[S.l.] : _bMcGraw-Hill/Irwin, _c2006 |
||
| 300 | _a528 p. ; | ||
| 856 | _uhttp://www.amazon.com/exec/obidos/ASIN/0072875461/chopaconline-20 | ||
| 942 | _2ddc | ||
| 999 |
_c562475 _d562475 |
||